Animali famosi - Statistics

Statistiche generali
  • Questo quiz è stato fatto 96 volte
  • Il punteggio medio è 4 su 15
Statistiche sulle risposte
Descrizione Animale % Corretto
Pecora he fu il primo mammifero a essere clonato con successo da una cellula somatica Dolly
77%
Cagnolina che il 3 novembre 1957 divenne il primo animale di sempre ad orbitare attorno alla Terra Laika
66%
Cane da slitta che, durante l'epidemia di difterite di Nome, Alaska, nel 1925, trainò la slitta su cui era caricata l'antitossina verso la cittadina. Il personaggio è protagonista di un noto film d'animazione Balto
64%
Cavallo di Alessandro Magno Bucefalo
55%
Polpo che, durante i mondiale del 2010, predisse correttamente tutti i risultati delle partite giocate dalla nazionale tedesca e quello della finale Spagna-Olanda Paul
44%
Cane da pastore tedesco protagonista di molti film statunitensi tra gli anni '20 e '30 Rin Tin Tin
35%
Centenaria testuggine delle Galapagos, noto per essere stato l'ultimo esemplare della sua specie George il solitario
12%
Elefante albino donato a papa Leone X Annone
8%
Cavallo tedesco che era ritenuto in grado di risolvere semplici calcoli aritmetici Hans l'intelligente
8%
Gorilla nota per aver appreso un certo numero di gesti della lingua americana dei segni Koko
8%
Ultimo elefante di Annibale, sopravvissuto al passaggio delle Alpi durante la seconda guerra punica Surus
8%
Maschio di testuggine che, grazia alla sua intensa attività riproduttiva, salvò la sua specie dall'estinzione Diego
6%
Capodoglio bianco vissuto al largo di Mocha, in Cile, che ispirò a Melville il libro "Moby Dick" Mocha Dick
6%
Orso bruno in servizio all'esercito polacco durante la seconda guerra mondiale: trasportò carichi di munizioni durante la battaglia di Cassino Wojtek
6%
Gatto che durante la seconda guerra mondiale "prestò servizio" sia su navi della marina tedesca (Bismarck) sia su navi della marina britannica (HMS Cossack) Oscar
5%
Nessun quiz corrispondente trovato
Distribuzione punteggi
Percentuale di utenti per punteggio
Percentile per numero di risposta
I tuoi punteggi nel tempo
Non hai fatto questo quiz